Yüklüyor......
Aims and methods of vegetation ecology
| Yazar: | |
|---|---|
| Materyal Türü: | Printed Book |
| Dil: | Undetermined Bengali English |
| Baskı/Yayın Bilgisi: |
New York
John Wiley and Sons
1974
|
| Konular: |
| LEADER | 00744nam a2200205Ia 4500 | ||
|---|---|---|---|
| 008 | 140306s9999 xx 000 0 und d | ||
| 041 | |a ben | ||
| 041 | |a eng | ||
| 082 | |a 580 |b MUE/AI | ||
| 100 | |a Mueller, Dombois | ||
| 245 | |a Aims and methods of vegetation ecology | ||
| 260 | |a New York |b John Wiley and Sons |c 1974 | ||
| 300 | |a 547 | ||
| 650 | |a Botany | ||
| 650 | |a Plant science | ||
| 650 | |a Timber survey | ||
| 942 | |2 ddc |c BK | ||
| 999 | |c 117046 |d 117046 | ||
| 952 | |0 0 |1 0 |2 ddc |4 0 |6 580_000000000000000_MUEAI |7 0 |9 115832 |a KAUHCV |b KAUHCV |d 2004-04-28 |o 580 MUE/AI |p KAU_HCV-12599 |r 2014-03-22 |w 2014-03-22 |y BK | ||
| 952 | |0 0 |1 0 |2 ddc |4 0 |6 580_000000000000000_MUEAI |7 0 |9 115833 |a KAUHCV |b KAUHCV |d 2004-04-28 |o 580 MUE/AI |p KAU_HCV-9586 |r 2014-03-22 |w 2014-03-22 |y BK | ||